Normal view
MARC view
- ELECTRIC CIRCUITS ANALYSIS ELECTRIC NETWORKS ANALYSIS
Entry Topical Term
001 - CONTROL NUMBER
- control field: 64796
003 - CONTROL NUMBER IDENTIFIER
- control field: NUST
005 - DATE AND TIME OF LATEST TRANSACTION
- control field: 20210628203332.0
008 - FIXED-LENGTH DATA ELEMENTS
- fixed length control field: 210628|| aca||aabn | a|a d
040 ## - CATALOGING SOURCE
- Original cataloging agency: NUST
- Transcribing agency: NUST
150 ## - HEADING--TOPICAL TERM
- Topical term or geographic name entry element: ELECTRIC CIRCUITS ANALYSIS ELECTRIC NETWORKS ANALYSIS
670 ## - SOURCE DATA FOUND
- Source citation: Work cat.: (NUST): HAYT, W. H , KEMMERLY, J. E 64795, ENGINEERING CIRCUITS ANALYSIS, 1986
